banner koha

Associacao da seringueira com a cultura do cafeeiro no Estado de Rondonia (Registro n. 336959)

MARC details
000 -LÍDER
campo de controle de tamanho fixo 01639naa a22003737a 4500
001 - NÚMERO DE CONTROLE
campo de controle BR9405970
003 - IDENTIFICADOR DO NÚMERO DE CONTROLE
campo de controle BR-BrBNA
005 - DATA E HORÁRIO DA ÚLTIMA TRANSAÇÃO
campo de controle 20250721155521.0
007 - CAMPO FIXO DE DESCRIÇÃO FÍSICA--INFORMAÇÃO GERAL
campo de controle de tamanho fixo ta
008 - CAMPO DE DADOS FIXOS--INFORMAÇÃO GERAL
campo de controle de tamanho fixo 250630b bl.|||m| |||| 00| 0 por d
040 ## - FONTE DA CATALOGAÇÃO
Instituição da catalogação original BR-BrBNA
Idioma da catalogação por
Instituição que transcreveu o registro Biblioteca Nacional de Agricultura
041 ## - CÓDIGO DE IDIOMA
Código do idioma do texto/trilha sonora ou título diferente (Pt)
072 ## - CÓDIGO DE CATEGORIA DE ASSUNTO
Código de Categoria de Assunto F08
Código do objeto 2480
-- 2120
090 ## - NÚMERO DE CHAMADA LOCAL
Número de chamada F08 BR9405970
100 1# - ENTRADA PRINCIPAL--NOME PESSOAL
Nome pessoal Venuziano, W.
100 1# - ENTRADA PRINCIPAL--NOME PESSOAL
Nome pessoal Medrado, M.J.S.
100 1# - ENTRADA PRINCIPAL--NOME PESSOAL
Nome pessoal Ribeiro, S.I.
100 1# - ENTRADA PRINCIPAL--NOME PESSOAL
Nome pessoal Lisboa, S. de M.
100 1# - ENTRADA PRINCIPAL--NOME PESSOAL
Nome pessoal Menezes, L.C.C. de
100 1# - ENTRADA PRINCIPAL--NOME PESSOAL
Nome pessoal Costa, J.N.M.
100 1# - ENTRADA PRINCIPAL--NOME PESSOAL
Nome pessoal Santos, J.C.F.
111 1# - ENTRADA PRINCIPAL--NOME DO EVENTO
Nome do evento ou lugar 1. Congresso Brasileiro sobre Sistemas Agroflorestais; 1. Encontro sobre Sistemas Agroflorestais nos Paises do MERCOSUL
Local do evento Porto Velho, RO (Brazil)
Data do evento ou assinatura do tratado 3-7 Jul 1994
245 1# - TÍTULO
Título Associacao da seringueira com a cultura do cafeeiro no Estado de Rondonia
490 ## - TÍTULO DA SÉRIE
Título da série Documentos - Centro Nacional de Pesquisa de Florestas (Brazil)
Número do volume ou designação sequencial da série no. 27
500 ## - NOTA GERAL
Nota geral 1. Congresso Brasileiro sobre Sistemas Agroflorestais e 1. Encontro sobre Sistemas Agroflorestais nos Paises do MERCOSUL. Anais. V. 2: trabalhos voluntarios<br/>Colombo, PR (Brasil): 1994. p. 121-133 [5 tables; Summaries (En, Pt); 13 ref.]<br/>(BR9405970-AMS)<br/>
650 ## - ASSUNTO--TERMO TÓPICO
Cabeçalho tópico ou nome geográfico Seringueira
650 ## - ASSUNTO--TERMO TÓPICO
Cabeçalho tópico ou nome geográfico Cafe
650 ## - ASSUNTO--TERMO TÓPICO
Cabeçalho tópico ou nome geográfico Consorciacao de Cultura
650 ## - ASSUNTO--TERMO TÓPICO
Cabeçalho tópico ou nome geográfico Sistema Agroflorestal
650 ## - ASSUNTO--TERMO TÓPICO
Cabeçalho tópico ou nome geográfico Rondonia
773 0# - ENTRADA ANALÍTICA
Título 1. Congresso Brasileiro sobre Sistemas Agroflorestais e 1. Encontro sobre Sistemas Agroflorestais nos Paises do MERCOSUL. Anais. V. 2: trabalhos voluntarios
Número de controle do registro F08 BR9405970
Partes relacionadas Colombo, PR (Brasil), 1994. p. 121-133
942 ## - ELEMENTOS DE ENTRADA ADICIONADOS (KOHA)
Tipo de material Koha Analítica de Monografia Seriada
Fonte da classificação ou esquema de arquivamento na estante Classificação AGRIS
909 ## -
-- 202506
-- Lúcia
-- 55
-- Lúcia Elande
Exemplares
Situação do descarte Fonte da classificação ou esquema de arquivamento na estante Situação física Não pode ser emprestado Coleção Biblioteca de origem Biblioteca atual Total de empréstimos Data de último acesso Número do exemplar Tipo de material Koha Situação das perdas Data de aquisição Fonte de aquisição
  Classificação AGRIS       Biblioteca Nacional de Agricultura - Binagri Biblioteca Nacional de Agricultura - Binagri   30/06/2025 01 Analítica de Monografia Seriada   2025-06-30 Portaria Interministerial nº 164/94

BINAGRI

Telefone: (61)3218-2567/2388/3357/2097 - binagri@agro.gov.br

Ministério da Agricultura e Pecuária , Esplanada dos Ministérios, Bloco D, Anexo B, Brasília/DF, CEP: 70.043-900